Logo Biblioteca

Nerve : (Registro nro. 922)

Detalles MARC
000 -LEADER
fixed length control field 01218nam a22002897a 4500
003 - CONTROL NUMBER IDENTIFIER
control field AR-RoUNCS
005 - DATE AND TIME OF LATEST TRANSACTION
control field 20260226085318.0
007 - PHYSICAL DESCRIPTION FIXED FIELD--GENERAL INFORMATION
fixed length control field ta
008 - FIXED-LENGTH DATA ELEMENTS--GENERAL INFORMATION
fixed length control field 170127s2016 ag gr 000 f spa
015 ## - NATIONAL BIBLIOGRAPHY NUMBER
National bibliography number AR-2016
020 ## - INTERNATIONAL STANDARD BOOK NUMBER
International Standard Book Number 978-987-738-185-6
040 ## - CATALOGING SOURCE
Original cataloging agency AR-BaBN
Language of cataloging spa
Transcribing agency AR-RoUNCS
Description conventions aacr
041 1# - LANGUAGE CODE
Language code of text/sound track or separate title spa
Language code of original eng
044 ## - COUNTRY OF PUBLISHING/PRODUCING ENTITY CODE
MARC country code ag
ISO country code ar-c
080 1# - UNIVERSAL DECIMAL CLASSIFICATION NUMBER
Universal Decimal Classification number 82-3132.4(73)
Edition identifier 2016
100 1# - MAIN ENTRY--PERSONAL NAME
Personal name Ryan, Jeanne
Relator term autora
Relationship aut
245 10 - TITLE STATEMENT
Title Nerve :
Remainder of title un juego sin reglas /
Statement of responsibility, etc. Jeanne Ryan ; traducción de Julio Hermoso.
250 ## - EDITION STATEMENT
Edition statement 1a ed.
260 ## - PUBLICATION, DISTRIBUTION, ETC.
Place of publication, distribution, etc. Buenos Aires :
Name of publisher, distributor, etc. Alfaguara,
Date of publication, distribution, etc. 2016.
300 ## - PHYSICAL DESCRIPTION
Extent 343 p. ;
Dimensions 22 cm.
500 ## - GENERAL NOTE
General note En tapa: «Para sobrevivir a este juego, lanzarte al vacío es tu única opción».
520 3# - SUMMARY, ETC.
Summary, etc. Vee normalmente se mantiene en segundo plano, pero no lo piensa dos veces cuando tiene la oportunidad de participar en un show de retos en línea. Sólo que no prevé cuán escalofriantes serán los desafíos, ni lo sádico que se puede volver un juego, o qué pueden llegar a ser los fans.
Assigning source (Descripción del editor).
650 #7 - SUBJECT ADDED ENTRY--TOPICAL TERM
Source of heading or term embne
Topical term or geographic name entry element Literatura norteamericana
655 #7 - INDEX TERM--GENRE/FORM
Genre/form data or focus term Novelas de suspense
Source of term embne
700 1# - ADDED ENTRY--PERSONAL NAME
Personal name Hermoso Oliveras, Julio,
Dates associated with a name 1969-
Relator term traductor
Relationship trl
942 ## - ADDED ENTRY ELEMENTS (KOHA)
Source of classification or shelving scheme Universal Decimal Classification
Koha item type Obra General
Suppress in OPAC No
Existencias
Withdrawn status Lost status Source of classification or shelving scheme Damaged status Not for loan Collection Home library Current library Date acquired Source of acquisition Total checkouts Full call number Barcode Date last seen Price effective from Koha item type
    Universal Decimal Classification     Colección General Biblioteca Escuela de Ciencias Sociales Biblioteca Escuela de Ciencias Sociales 26/02/2026 Donación 2023   82-312.4(73) R988 000582 26/02/2026 26/02/2026 Obra General
Biblioteca de la Escuela Preuniversitaria en Ciencias Sociales y Humanísticas.
Riobamba 250 bis.
CP 2000 - Rosario - Santa Fe
E-Mail: biblioteca@esociales.unr.edu.ar